00833 2200265 4500001002100000005001700021008004100038020001800079035002400097040001200121082001300133090002000146100002000166245015900186250001100345260003700356300003000393500001100423500003100434650003100465700001700496700002700513850001200540990001500552YOGYA-0209000002383520090227023817.0 eng  a1-55623-143-1 0010-020900000023835 aYOPDYOG a338.5443 a338.5443bSte R aSTEWART, Hugh B aRecollecting the futureba view of business, technology and innovation in the next 30 yearscHugh B. Stewart ; editor, Susan Glinert Stevens , Karen Smith aCet. 1 aHomewoodbDow Jobnes-Irwinc1989 axvi, 356 hlmbilusc24 cm aIndeks aBibliografi : hlm. 347-352 aEkonomi produksi - Ramalan aSmith, Koren aStevens, Susan Glinert aYOPDYOG a06A0021694